[Event "Motor City op"]
[Site "Warren"]
[Date "2002.11.30"]
[Round "5"]
[White "Hazzard, William"]
[Black "Kvatadze, David"]
[Result "0-1"]
[WhiteElo "1624"]
[BlackElo "1918"]
[PlyCount "96"]
[EventDate "2002.11.29"]
[EventType "swiss"]
[EventRounds "7"]
[EventCountry "USA"]
[SourceTitle "EXT 2009"]
[Source "ChessBase"]
[SourceDate "2008.11.26"]
[SourceVersion "1"]
[SourceVersionDate "2008.11.26"]
[SourceQuality "1"]

1. d4 d6 2. e4 Nf6 3. Nc3 Nbd7 4. Nf3 e5 5. dxe5 dxe5 6. Bb5 c6 7. Bd3 Be7 8. 0-0 0-0 9. Bg5 Ne8 10. Qd2 Bf6 11. Rad1 Qe7 12. Ne2 Nc7 13. Ng3 Nc5 14. Rfe1 Bg4 15. Nf5 Qe6 16. Bxf6 Qxf6 17. Qg5 Qxg5 18. Nxg5 Bxd1 19. Rxd1 h6 20. Nf3 f6 21. Kf1 Kh7 22. Ke2 Rad8 23. g3 Rd7 24. Ne1 Rfd8 25. f4 g6 26. Nh4 N7e6 27. f5 Nd4+ 28. Kd2 gxf5 29. Kc1 fxe4 30. Bf1 Ndb3+ 31. cxb3 Rxd1+ 32. Kc2 Rxe1 33. Bh3 Re2+ 34. Kc3 Rd3+ 35. Kb4 Na6+ 36. Ka3 Rdd2 37. Bf5+ Kg8 38. Ng6 Rxb2 39. b4 Rxb4 40. Be6+ Kg7 41. Nh4 c5 42. Nf5+ Kh8 43. Nd6 Nc7 44. Bb3 Nb5+ 45. Nxb5 Rxb5 46. Bc4 Re3+ 47. Ka4 Rb4+ 48. Ka5 Ra3# 0-1